Teaching psychology: (Record no. 156359)

MARC details
000 -LEADER
fixed length control field 00653nam a22001817a 4500
005 - DATE AND TIME OF LATEST TRANSACTION
control field 20180827105413.0
010 ## - LCCN (DPL NO)
LC control number ENG-123769
020 ## - INTERNATIONAL STANDARD BOOK NUMBER
Terms of availability 200.00
International Standard Book Number 9788175418882
035 ## - SYSTEM CONTROL NUMBER
System control number EN-107301
037 ## - SOURCE OF ACQUISITION
Source of stock number/acquisition DBAD/PUB
082 ## - DEWEY DECIMAL CLASSIFICATION NUMBER
Classification number 372.3044
100 ## - MAIN ENTRY--PERSONAL NAME
Personal name Ranganathan, Namita
245 ## - TITLE STATEMENT
Title Teaching psychology:
Statement of responsibility, etc by Namita Ranganathan...et all
Remainder of title concepts and pedagogic strategies /
260 ## - PUBLICATION, DISTRIBUTION, ETC. (IMPRINT)
Place of publication, distribution, etc Delhi
Name of publisher, distributor, etc Shipra Publications
Date of publication, distribution, etc 2017
270 ## - ADDRESS
Address LG 18-19,Pankaj Central Market I.P.Ext.,Patparganj
City Delhi
Postal code 110092
Telephone number 91 11 22235152/ 6152
Electronic mail address www.shiprapublication.com
300 ## - PHYSICAL DESCRIPTION
Extent xiv,246p.
Dimensions 21cm(pbk)
Other physical details ill.
942 ## - ADDED ENTRY ELEMENTS (KOHA)
Source of classification or shelving scheme Dewey Decimal Classification
Item type English Books
Call number suffix RAN
Classification part 372.3044
Holdings
Withdrawn status Lost status Not for loan Collection code Home library Current library Date acquired Source of acquisition Cost, normal purchase price Full call number Barcode Copy number Cost, replacement price Koha item type
    Not For Loan Non-fiction D.B.Act.Division Bawana 27/08/2018 DBAD/PUB 200.00 372.3044 RAN EN-107301 1 200.00 English Books

© Delhi Public Library
Hit Counter
free hit counter